| Поле | Название | Значение |
| |
Тип записи |
a |
| |
Библиографический уровень |
m |
| 001 |
Контрольный номер |
RSL-KNO-004103014 |
| 005 |
Дата корректировки |
20201206204728.0 |
| 010 |
Индекс ISBN |
__ |
| a |
ISBN |
978-5-9533-3300-9 |
| d |
Цена |
471-99 |
| 021 |
№ государственной регистрации |
__ |
| b |
№ документа |
08-62826 |
| 100 |
Данные общей обработки |
__ |
| a |
Данные общей обработки |
19080924d2008 |||y0rusy0189 ca |
| 101 |
Язык документа |
__ |
| a |
Язык текста |
rus |
| c |
Язык оригинала |
rus |
| 102 |
Страна публикации |
__ |
| a |
Страна публикации |
RU |
| 105 |
Кодированные данные (монография) |
__ |
| a |
Кодированные данные (монография) |
a zzzz000zy |
| 200 |
Заглавие и сведения об ответственности |
__ |
| a |
Заглавие |
100 великих сокровищ и реликвий |
| f |
Первые сведения об ответственности |
Михаил Кубеев |
| b |
Общее обозначение материала |
Текст |
| 210 |
Выходные данные |
__ |
| a |
Место издания |
М. |
| c |
Издательство |
Вече |
| d |
Дата издания |
2008 |
| 215 |
Физическое описание |
__ |
| a |
Объем |
255 с. |
| c |
Иллюстрации/тип воспроизводства |
ил. |
| 225 |
Серия |
__ |
| a |
Серия |
Иллюстрированная коллекция |
| 330 |
Аннотация |
__ |
| a |
Аннотация |
Собраны самые ценные в мире сокровища, созданные выдающимися мастерами, скульпторами, художниками, отражена их полная приключений история. Среди них шапка Мономаха, заветная чаша Грааля, знаменитые пасхальные яйца Фаберже, регалии английских монархов, севильская гробница Колумба. Свыше 600 иллюстраций дают наглядное представление о развитии разных видов искусства всех времен и народов. |
| 517 |
Другие варианты заглавия |
__ |
| a |
Другие варианты заглавия |
Сто великих сокровищ и реликвий |
| 605 |
Заглавие как предмет |
__ |
| a |
Заглавие |
Яйца Фаберже |
| 605 |
Заглавие как предмет |
__ |
| a |
Заглавие |
Гробница Тутанхамона |
| 605 |
Заглавие как предмет |
__ |
| a |
Заглавие |
Икона Божией Матери |
| 605 |
Заглавие как предмет |
__ |
| a |
Заглавие |
Золотой Будда |
| 605 |
Заглавие как предмет |
__ |
| a |
Заглавие |
Туринская плащаница |
| 605 |
Заглавие как предмет |
__ |
| a |
Заглавие |
Казанская икона божией матери |
| 605 |
Заглавие как предмет |
__ |
| a |
Заглавие |
Шапка Мономаха |
| 605 |
Заглавие как предмет |
__ |
| a |
Заглавие |
Орден Андрея Первозванного |
| 605 |
Заглавие как предмет |
__ |
| a |
Заглавие |
Янтарная комната |
| 605 |
Заглавие как предмет |
__ |
| a |
Заглавие |
Кунсткамера |
| 605 |
Заглавие как предмет |
__ |
| a |
Заглавие |
Гробница Александра Невского |
| 605 |
Заглавие как предмет |
__ |
| a |
Заглавие |
Восковые фигуры |
| 605 |
Заглавие как предмет |
__ |
| a |
Заглавие |
Иконостас Храма Христа Спасителя |
| 606 |
Тематические рубрики |
__ |
| a |
Основная рубрика |
Изобразительное искусство и архитектура |
| 606 |
Тематические рубрики |
__ |
| a |
Основная рубрика |
Изобразительное искусство в целом |
| 610 |
Ключевые слова |
__ |
| a |
Ключевые слова |
памятники истории; памятники культуры; сокровища; реликвии; художественная культура; художественные изделия; художественные памятники |
| 686 |
Индексы других классификаций |
__ |
| a |
Классификационный индекс |
85.101.3(0) |
| 700 |
Автор |
_1 |
| a |
Фамилия |
Кубеев |
| b |
Имя |
М. Н. |
| g |
Полное личное имя |
Михаил Николаевич |
| 4 |
Код отношения |
070 |
| 801 |
Источник записи |
_0 |
| a |
Страна |
RU |
| b |
Организация |
Муниципальное бюджетное учреждение культуры "Централизованная библиотечная система" г. Сургут (Центральная городская библиотека им. А. С. Пушкина) |
| c |
Дата составления |
20080924 |
| 801 |
Источник записи |
_1 |
| a |
Страна |
RU |
| b |
Организация |
Муниципальное бюджетное учреждение культуры "Централизованная библиотечная система" г. Сургут (Центральная городская библиотека им. А. С. Пушкина) |
| c |
Дата составления |
20080924 |
| 852 |
Данные о местонахождении |
__ |
| j |
Шифр хранения |
85.101.3(0) |
| c |
Каталожный индекс |
85.103я2 |
| i |
Авторский знак |
К 88 |
| 901 |
Тип документа |
__ |
| t |
Тип документа |
m |
| 903 |
Характеристики (МАРС) |
__ |
| a |
Дата передачи |
20100611 |
| 990 |
Данные о заказе (DOS) |
__ |
| j |
Количество экземпляров (DOS) |
1 |
| t |
N записи в КСУ для И/У (DOS) |
201007 |